[Event "6th Vardaris Open 2020"]
[Site "Thessaloniki"]
[Date "2020.02.27"]
[Round "1.18"]
[White "Vardakas, Grigorios"]
[Black "Nteligiorgis, Eleftherios"]
[Result "1/2-1/2"]
[WhiteElo "2115"]
[BlackElo "1944"]
[Annotator "TA"]
[PlyCount "166"]
[EventDate "2020.02.27"]
[EventType "swiss"]
[EventCountry "GRE"]
[SourceTitle "playchess.com"]
[Source "ChessBase"]
[SourceQuality "1"]

{[%evp 11,166,0,0,0,21,4,9,-4,1,-13,0,0,16,16,20,16,10,10,18,17,27,14,13,14,39,0,0,0,13,0,73,54,58,54,50,41,32,22,35,1,2,4,4,4,3,0,0,0,6,0,0,0,0,0,0,-49,0,0,67,67,78,78,78,67,71,67,67,67,67,66,67,67,67,66,67,0,66,53,113,56,56,33,33,0,0,0,0,0,0,0,0,0,0,0,0,0,0,0,0,0,0,0,0,0,0,0,0,0,0,0,0,0,0,0,0,0,0,0,0,0,0,0,0,0,0,0,0,0,0,0,0,0,0,0,0,0,0,0,0,0,0,0,0,0,0,0,0,0,0,0,0,0,0,0,0,0,0]} 1. e4 c5 2. Nf3 Nc6 3. Bb5 Nf6 4. Qe2 g6 5. O-O Bg7 6. c3 O-O 7. d4 $1 {7.d4 scores better than 7.Rd1. B31: Sicilian: 2...Nc6 3 Bb5 g6.} d5 8. e5 Ne4 9. Nbd2 Nxd2 10. Bxd2 cxd4 11. cxd4 Bg4 {...Nxd4! is the strong threat.} 12. Bxc6 bxc6 13. h3 Bxf3 14. Qxf3 Qb6 15. Qc3 f6 16. exf6 Bxf6 17. Be3 Rab8 18. b4 {[#]} Qxb4 $146 ({Predecessor:} 18... Rfc8 19. Rab1 e6 20. Rfc1 Be7 21. a3 Ra8 22. a4 a5 23. b5 Rab8 24. bxc6 Qxb1 25. Rxb1 Rxb1+ {½-½ (40) Christodoulou,P (1454)-Nikolakopoulos,D (1280) Achaia 2017}) 19. Qxc6 Rfd8 20. Rab1 Qa5 (20... Qxb1 $11 {remains equal.} 21. Rxb1 Rxb1+ 22. Kh2 Kf7) 21. Rxb8 Rxb8 22. Bf4 Rf8 23. Qe6+ Kg7 24. Be5 Rf7 $1 25. a4 Qxa4 26. Qxd5 a5 27. Rb1 Qc2 28. Rb7 Qd1+ 29. Kh2 {[#] Threatens to win with Bxf6+.} Qe1 30. Bxf6+ Rxf6 $11 {[%mdl 4096] Endgame KQR-KQR} 31. f3 Qe3 32. Qxa5 Qf4+ 33. g3 Qxd4 {[#] ( -> ...Qf2+)} (33... Qe3 $5 {[%cal Re3f2]} 34. Rb2 Rxf3 35. Qe5+ Qxe5 36. dxe5 Re3 $17) 34. Qe1 Rf7 (34... Kg8 $11) 35. Rxe7 $14 Rxe7 36. Qxe7+ {KQ-KQ} Kg8 {With the idea ...Qf2+.} 37. Qe2 g5 38. Qe8+ Kg7 39. Qe7+ Kh6 40. Qf8+ (40. Kg2 {with more complications.} Qd2+ 41. Kg1 Kg6 42. Qe4+ Kg7 43. Qe5+) 40... Kg6 41. Qg8+ Kh6 42. Qe6+ Kg7 43. Qe2 (43. Kg2 $14) 43... Kf7 ({Black should play} 43... Kg8 $1 $11) 44. Kg2 Qf6 (44... h5 $14) 45. Qf2 (45. h4 $16) 45... h5 46. f4 {aiming for fxg5.} g4 47. hxg4 hxg4 {The position is equal.} 48. Qe3 Qb2+ 49. Kf1 Qb1+ 50. Kf2 Qb2+ 51. Ke1 Qb1+ 52. Kd2 Qb2+ 53. Kd3 {Black must now prevent Ke4.} Qb3+ 54. Kd4 Qb6+ 55. Ke4 Qe6+ 56. Kd3 Qb3+ 57. Ke2 Qc2+ 58. Ke1 Qb1+ 59. Kf2 Qb2+ 60. Qe2 Qd4+ 61. Kf1 Qa1+ 62. Kg2 Qa8+ 63. Kh2 Qh8+ 64. Kg1 Qa1+ 65. Qf1 Qd4+ 66. Qf2 Qa1+ 67. Kg2 Qa8+ 68. Kf1 Qa1+ 69. Qe1 (69. Ke2 {looks sharper.} Qa6+ 70. Ke1 Qa1+ 71. Ke2) 69... Qa6+ 70. Qe2 Qa1+ 71. Kg2 Qa8+ 72. Kg1 Qa1+ 73. Kg2 Qa8+ 74. Kf2 Qa7+ 75. Qe3 Qa2+ 76. Ke1 Qb1+ 77. Ke2 Qc2+ 78. Ke1 Qb1+ 79. Kd2 Qb2+ 80. Kd3 {Hoping for Ke4.} Qb3+ 81. Ke4 Qe6+ 82. Kd4 {Strongly threatening Qxe6+.} Qb6+ 83. Kd3 Qb3+ {Accuracy: White = 90%, Black = 91%.} 1/2-1/2

[Event "6th Vardaris Open 2020"]
[Site "Thessaloniki"]
[Date "2020.02.27"]
[Round "1.19"]
[White "Sebastian, Andreas"]
[Black "Vetokhin, Ilia"]
[Result "1-0"]
[WhiteElo "1940"]
[BlackElo "2112"]
[Annotator "TA"]
[PlyCount "163"]
[EventDate "2020.02.27"]
[EventType "swiss"]
[EventCountry "GRE"]
[SourceTitle "playchess.com"]
[Source "ChessBase"]
[SourceQuality "1"]

{[%evp 15,163,0,0,0,-3,-33,-31,-33,-31,-24,-27,-33,-33,-22,-34,-33,-19,0,0,0,0,-62,130,0,0,-33,27,42,52,46,45,42,54,43,89,77,79,84,111,58,88,81,87,81,133,111,230,227,220,193,163,112,96,120,139,135,147,123,123,123,123,123,123,123,123,123,123,123,204,198,205,209,178,123,123,123,123,123,123,123,147,123,123,123,123,0,123,123,123,123,123,123,123,123,123,123,123,123,123,123,123,123,123,123,123,123,123,123,123,123,123,123,123,123,5600,123,123,123,123,123,123,123,123,123,123,123,123,80,750,90,123,123,123,123,123,22,123,123,29986,29987,29987,29988,29988,29989,29995,29985,29991,29986,29986,29986]} 1. d4 Nf6 2. Bf4 e6 3. e3 c5 4. c3 Nc6 5. Nd2 d5 6. Ngf3 Bd6 7. Bg3 O-O 8. Bd3 b6 9. e4 {9.Qe2 is the modern continuation. D02: 1 d4 d5 2 Nf3 sidelines, including 2...Nf6 3 g3 and 2...Nf6 3 Bf4.} Be7 10. e5 Nh5 11. Ng5 {Black is slightly better.} Bxg5 ({But not} 11... Nxg3 $2 12. Bxh7+ Kh8 13. Nxf7+ $1 {[%mdl 512]} Rxf7 14. hxg3 $18) 12. Qxh5 {[%csl Gd3][%cal Rh5h7]} g6 13. Qe2 cxd4 14. h4 Bxd2+ 15. Qxd2 dxc3 16. bxc3 d4 17. c4 Qe7 {[#]} 18. a3 $146 (18. h5 $11) ({Predecessor:} 18. Rb1 h5 19. Bf4 Bb7 20. O-O Rfc8 21. Bg5 Qf8 22. Bf6 Ne7 23. Qg5 Nf5 24. Bxf5 exf5 {1-0 (36) Van Foreest,J (2615)-Svane,R (2552) Germany 2016}) 18... Na5 $2 (18... h5 $1 $15 {keeps the upper hand.}) 19. h5 (19. Qh6 $1 $16 Rd8 20. h5) 19... g5 $1 $11 20. h6 Kh8 (20... Nb3 $1 $15 21. Qe2 Nc5) 21. Bc2 $1 Rg8 22. Qd3 {[%csl Gc2][%cal Rd3h7]} Rg6 23. Qxd4 Ba6 24. Bxg6 $40 {[%mdl 128] White attacks.} Rd8 25. Qc3 hxg6 26. Qb4 Nc6 27. Qa4 (27. Qxe7 $16 {White threatens Qf6+ and mate.} Nxe7 28. Rc1) 27... Na5 28. O-O Bxc4 29. Rfd1 Rd5 (29... Bd5 $142) 30. Rxd5 $1 $16 exd5 (30... Bxd5 $16 {was worth a try.} 31. Qb4 Nc6 32. Qxe7 Nxe7) 31. e6 $18 fxe6 ({Avoid the trap} 31... Qxe6 $2 32. Qb4 $18) 32. Re1 Kh7 33. Qb4 (33. Be5 $18) 33... Qxb4 $16 34. axb4 {[%mdl 4096] Endgame KRB-KBN} Nc6 35. Rxe6 Bb5 36. f4 Kxh6 37. f5 Nd4 38. Rxg6+ Kh5 39. Rd6 Nxf5 40. Rxd5 {[%mdl 64] Double Attack} Nxg3 41. Rxb5 {KR-KN} Kg4 (41... a5 $16 42. Kf2 Kh4 43. Rxb6 axb4 44. Rxb4+ g4) 42. Rd5 Ne4 43. Rd7 a5 44. bxa5 (44. b5 $1 $18) 44... bxa5 {[#]} 45. Rd4 $1 Kf4 46. Ra4 g4 47. Rxa5 Ke3 48. Ra3+ Kf4 49. Ra8 Kg3 50. Ra3+ Kf4 51. Kf1 Ng3+ 52. Ke1 Ne4 53. Ke2 Ng3+ 54. Kd3 Nf5 55. Kd2 $1 Nd6 {( -> ...Nc4+)} 56. Ke2 Nf5 57. Kf2 Nd6 58. Ra4+ Kg5 59. Ke3 Nf5+ 60. Ke4 {Ra5! would kill now.} Ng3+ 61. Ke5 Kh4 62. Kf6 {aiming for Ra3.} Ne2 63. Ra3 Ng3 64. Re3 {Ke5 is the strong threat.} Nh1 $2 {[%mdl 8192]} (64... Nh5+ $16 65. Kf5 Ng3+ 66. Kf4 Nh5+ 67. Ke5 Kg5) 65. Kf5 $2 (65. Kg6 $1 $18 {[%cal Rg6f6] Black must now prevent Kf6.} Nf2 66. Kf5) 65... Ng3+ 66. Ke5 {Hoping for Rb3.} Nh5 67. Ra3 {Strongly threatening Kf5.} Ng3 68. Rb3 Ne2 69. Re3 Ng3 70. Re1 Kg5 71. Ke6 {Threatens to win with Ke5.} Kf4 $2 {[%mdl 8192] [#]} (71... Nh5 $16) 72. Ra1 $2 (72. Kf6 $1 $18 {and the rest is easy.} Nh5+ 73. Kg6) 72... Kg5 73. Ra8 Ne2 74. Ke5 Kh4 {[#]} 75. Ke4 ({White should try} 75. Ra2 $1 $16 {[%cal Ra2e2]} Ng3 76. Rd2) 75... Ng3+ (75... Kg3 $11 {keeps the balance.}) 76. Ke3 {And now Rb8 would win.} Nf5+ $2 {[%mdl 8192]} (76... Nh5 $16) 77. Kf4 {White mates.} Ng3 78. Rh8+ Nh5+ 79. Kf5 g3 80. Kg6 Kg4 81. Rxh5 Kf4 82. Rf5+ {Accuracy: White = 78%, Black = 72%.} 1-0

[Event "6th Vardaris Open 2020"]
[Site "Thessaloniki"]
[Date "2020.02.27"]
[Round "1.20"]
[White "Samaridis, Konstantinos"]
[Black "Magalakis, Stefanos"]
[Result "1-0"]
[WhiteElo "2104"]
[BlackElo "1934"]
[Annotator "TA"]
[PlyCount "123"]
[EventDate "2020.02.27"]
[EventType "swiss"]
[EventCountry "GRE"]
[SourceTitle "playchess.com"]
[Source "ChessBase"]
[SourceQuality "1"]

{[%evp 9,123,17,15,20,28,20,29,19,22,20,21,0,25,17,47,37,56,61,50,43,74,66,65,17,33,14,72,75,79,97,83,62,79,34,105,97,100,105,102,107,100,101,90,82,101,115,118,108,99,103,115,70,68,73,76,70,92,70,105,88,104,100,161,161,194,195,214,219,258,221,222,214,329,323,541,541,512,512,533,533,432,432,753,677,675,761,742,673,841,502,5574,5451,29951,2720,29982,29973,29971,29972,29975,12812,29971,29972,29979,29980,29981,29982,29982,29983,29983,29983,29983,29984,29984,29985,29985,29986]} 1. e4 c5 2. Nf3 d6 3. Bb5+ Nd7 4. a4 e6 5. O-O a6 6. Be2 {B51: Sicilian: Moscow Variation (3 Bb5+) without 3...Bd7.} b6 7. d4 cxd4 8. Qxd4 {White has an edge.} Bb7 9. Nc3 Ngf6 10. Rd1 Be7 {[#]} 11. Nd2 $146 ({Predecessor:} 11. Be3 O-O 12. e5 Bxf3 13. exd6 Bxe2 14. Nxe2 Nd5 15. dxe7 Qxe7 16. Nc3 Nxe3 17. Qxe3 {1-0 (47) Adams,M (2708)-Grandelius,N (2694) Astana 2019}) 11... e5 12. Qe3 $36 {[%mdl 2048] White has good play.} Qc7 13. Nc4 O-O 14. b3 Rfd8 15. Ba3 {[%cal Ra3d6]} Nc5 {[%cal Rc5e4]} 16. f3 Rac8 17. Bf1 (17. a5 $5) 17... d5 (17... Ne6 $11 {remains equal.}) 18. exd5 $16 Nxd5 19. Nxd5 Bxd5 20. Qxe5 Qb7 21. Bb2 {[%csl Gb2][%cal Re5g7] [#]} Bf6 ({Black should play} 21... Ne6 $1 $14) 22. Qg3 {aiming for Bxf6.} Bxb2 23. Nxb2 b5 24. axb5 axb5 25. Rd2 Be6 26. Rad1 Rxd2 27. Rxd2 h6 28. Nd3 Nxd3 29. Bxd3 Qa7+ 30. Qf2 Qa1+ 31. Qf1 {Black is on the road to losing.} Qc3 32. Qe2 b4 33. Be4 Qa1+ 34. Rd1 Qa7+ 35. Qf2 Qxf2+ (35... Qa5 $16) 36. Kxf2 {[%mdl 4096] Endgame KRB-KRB} f5 37. Bd3 Kf7 38. Ra1 Kf6 39. Ra5 Rb8 40. f4 g6 (40... g5 $142 41. Ra6 Ke7) 41. Rb5 $18 Rxb5 $2 {[#]} (41... Ra8 42. Rxb4 Rc8) 42. Bxb5 {KB-KB} Bd5 43. g3 Ke7 44. Ke3 Kd6 {If only Black now had time for ...Kc5....} 45. Kd4 g5 (45... Bb7 $142 46. Bd3 Bd5) 46. Bc4 Bf3 47. c3 bxc3 48. Kxc3 gxf4 49. gxf4 Be4 (49... Kc5 $142 50. b4+ Kd6) 50. Bd3 Kd5 51. b4 (51. Bxe4+ $142 Kxe4 52. b4 Kd5 53. b5 h5 54. b6 Kc6 55. Kd4 h4 56. Ke5) 51... h5 52. h4 Bf3 53. Bxf5 Bg2 54. Bd3 (54. Kd3 $142 Bf3 55. Bg6 Kd6 56. Ke3 Bd1 57. f5 Ke5 58. b5 Bc2 59. b6) 54... Bf3 55. Bg6 {White mates.} Ke6 56. Kd4 Kf6 57. Bd3 Ke6 58. b5 {[%cal Bb4b5,Bb5b6,Bb6b7][%mdl 32]} Kd6 59. Be4 Bg4 60. b6 Be6 61. b7 Kc7 62. Ke5 {Accuracy: White = 89%, Black = 53%.} 1-0

[Event "6th Vardaris Open 2020"]
[Site "Thessaloniki"]
[Date "2020.02.28"]
[Round "2.1"]
[White "Lu, Shanglei"]
[Black "Dermatopoulos, Konstantinos"]
[Result "1-0"]
[WhiteElo "2615"]
[BlackElo "1996"]
[Annotator "TA"]
[PlyCount "47"]
[EventDate "2020.02.27"]
[EventType "swiss"]
[EventCountry "GRE"]
[SourceTitle "playchess.com"]
[Source "ChessBase"]
[SourceQuality "1"]

{[%evp 9,46,31,35,29,44,26,27,26,27,22,80,73,75,70,75,72,88,5,3,-2,80,31,105,93,402,398,520,544,1053,972,979,955,975,975,902,642,964,933,29999]} 1. e4 e5 2. Bc4 Nf6 3. d3 Nc6 4. Nf3 h6 5. O-O d6 6. Nc3 {C55: Two Knights: 4 d3, 4 d4 exd4 5 e5 and Max Lange Attack.} g6 {6...Na5 is setting a new trend.} 7. d4 Bg4 8. dxe5 {White has an edge.} dxe5 {[#]} 9. Be3 $146 ({Predecessor:} 9. Qxd8+ Rxd8 10. Bb5 Nd7 11. Bxc6 bxc6 12. Be3 a5 13. Nd2 Ra8 14. b3 f6 15. Na4 {0-1 (75) Perez Garcia,R (2412)-Arencibia Rodriguez,W (2526) Montreal 2012}) 9... Bb4 (9... Qxd1 $11 10. Raxd1 (10. Rfxd1 Bg7 $14) 10... Bg7) 10. Nd5 $16 Bd6 11. h3 Be6 12. Nd2 Nh5 13. Nb3 (13. Re1 $16) 13... Qh4 $11 14. Nc5 $132 {[%mdl 2048] White is not holding back} Bc8 (14... O-O-O $1 $11) 15. Qf3 {[#] Hoping for Nxc7+!} f5 ({Black should play} 15... O-O $1 $14) 16. exf5 Qxc4 $4 {[%mdl 8192] Black cannot hold the game after this.} (16... Bxf5 $16 17. Bd3 O-O-O) 17. fxg6 $18 Nf4 18. Bxf4 exf4 19. g7 Rg8 20. Qh5+ {[%mdl 64] [#] Double Attack} Kd8 21. Qf7 Rxg7 22. Qf6+ Re7 23. Nxe7 Nxe7 24. Qf8# {Accuracy: White = 77%, Black = 31%.} 1-0

[Event "6th Vardaris Open 2020"]
[Site "Thessaloniki"]
[Date "2020.02.28"]
[Round "2.2"]
[White "Pevar, Andrew"]
[Black "Zeng, Chongsheng"]
[Result "0-1"]
[WhiteElo "1998"]
[BlackElo "2567"]
[Annotator "TA"]
[PlyCount "86"]
[EventDate "2020.02.27"]
[EventType "swiss"]
[EventCountry "GRE"]
[SourceTitle "playchess.com"]
[Source "ChessBase"]
[SourceQuality "1"]

{[%evp 17,86,-39,-42,-69,-51,-74,-67,-70,-84,-72,-66,-72,-24,-67,-90,-122,-134,-117,-83,-102,-65,-72,-79,-125,-134,-120,-79,-87,-66,-156,-140,-132,-138,-139,-142,-164,-175,-168,-110,-90,-31,-138,-43,-57,-52,-49,-53,-55,-50,-237,-231,-254,-237,-246,-243,-241,-221,-319,-316,-364,-344,-600,-686,-663,-670,-637,-597,-1233,-1232,-916,-899]} 1. Nf3 d5 2. c4 e6 3. g3 dxc4 4. Qa4+ Nd7 5. Qxc4 a6 6. Bg2 b5 7. Qc2 Bb7 8. O-O Ngf6 9. d4 c5 10. Rd1 {E03: Open Catalan: 5 Qa4+ Nbd7 6 Qxc4.} Rc8 11. Qd2 Qb6 12. Nc3 {Black is slightly better.} cxd4 13. Nxd4 Bxg2 14. Kxg2 Bb4 {[#]} 15. Nf3 $146 ({Predecessor:} 15. Qg5 O-O 16. a4 Rc5 17. Qe3 Bxc3 18. bxc3 Nd5 19. Qd3 Ne5 20. Qd2 Nxc3 21. Nb3 Rcc8 22. Qd6 Qb7+ 23. f3 Nc4 24. Qd7 Rc7 25. Nc5 Rxd7 {0-1 (25) Helfst,M (1941)-Vanheirzeele,D (2087) Montreal 2015}) 15... O-O 16. Qd3 Bxc3 17. bxc3 Rfd8 18. Be3 Qc7 19. Qd6 $1 {[%cal Rd6c7] Hoping for Qxc7.} Qb7 ({Reject} 19... Qxc3 $6 20. Qxa6 Qb4 21. Rab1 $14) 20. Bg5 {Bxf6 would now be nice for White.} Ne4 $36 {[%mdl 2048] Black is in control.} ({Weaker is} 20... Rxc3 21. Bxf6 gxf6 22. Qe7 $16) 21. Qe7 Nxg5 22. Qxg5 Nf6 (22... Re8 {feels hotter.} 23. a4 h6 24. Qd2 Nf6 25. axb5 axb5 26. Ra3 Nd5) 23. Kg1 (23. Rxd8+ $1 $15 Rxd8 24. a4) 23... h6 24. Rxd8+ Rxd8 25. Qe5 Qb6 {Threatens to win with ...Ng4!} 26. h3 Rd5 27. Qf4 Qc5 (27... Rc5 $19 28. Rd1 Nd5) 28. Qb4 $17 {[#]} e5 (28... a5 $1 $17 {[%mdl 512]} 29. Qxa5 {[#]} Ne4 $1 {[%mdl 512]}) 29. a3 {[#]} ({White should play} 29. a4 $15) 29... a5 $1 {[%mdl 512]} 30. Qxc5 $15 (30. Qxa5 Ne4) 30... Rxc5 {[%mdl 4096] Endgame KRN-KRN} 31. a4 $1 bxa4 32. Rxa4 Nd5 33. Ra2 $2 {This costs White the game.} ({White should try} 33. c4 $15 Nb6 34. Ra3) 33... Nxc3 $19 34. Rc2 f6 35. Kf1 a4 {aiming for ...a3.} 36. Nd2 Kf7 37. Ke1 (37. Nb1 {might work better.} Ne4 38. Rxc5 Nxc5 39. Ke1) 37... Ke6 38. f3 Kd5 39. h4 $2 (39. e3) 39... Kd4 {Black is clearly winning.} 40. Rc1 Rb5 41. Ra1 Rb2 42. g4 {[#]} a3 $1 {[%mdl 512]} 43. Rxa3 {[#]} Rxd2 $1 {[%mdl 512] Accuracy: White = 46%, Black = 74%.} 0-1

[Event "6th Vardaris Open 2020"]
[Site "Thessaloniki"]
[Date "2020.02.28"]
[Round "2.3"]
[White "Santiago, Yago De Moura"]
[Black "Yugina, Maria"]
[Result "1/2-1/2"]
[WhiteElo "2488"]
[BlackElo "1975"]
[Annotator "TA"]
[PlyCount "85"]
[EventDate "2020.02.27"]
[EventType "swiss"]
[EventCountry "GRE"]
[SourceTitle "playchess.com"]
[Source "ChessBase"]
[SourceQuality "1"]

{[%evp 9,85,33,33,37,43,38,38,39,45,39,41,35,59,39,47,36,61,62,83,48,33,22,43,14,31,42,44,-22,0,-15,-22,-20,6,6,6,6,8,0,0,0,0,0,0,0,0,1,28,28,33,33,20,-12,39,-42,42,-69,-69,-108,-89,-95,-84,-83,-83,-81,-76,-65,-77,-77,-63,-118,-63,-64,-64,-73,-65,-73,-64,-63]} 1. c4 e6 2. Nc3 b6 3. Nf3 Bb4 4. e4 Bb7 5. Bd3 Bxc3 6. bxc3 {A10: English Opening: Unusual Replies for Black.} d6 7. O-O Nf6 8. Re1 {White is slightly better.} O-O 9. Bc2 e5 10. d4 Nbd7 11. Bg5 h6 12. Bh4 {[#]} Qe7 $146 ({Predecessor:} 12... Re8 13. Nd2 Nf8 14. Ba4 c6 15. Rb1 Ng6 16. Bg3 Qc7 17. f3 Red8 18. Nf1 Nh5 {0-1 (28) Bordas,G (2111)-Rozsa,P (2217) Hungary 1999}) 13. Nd2 Rfe8 14. Bg3 Nf8 15. Nf1 Qd8 16. d5 N8d7 17. Ne3 Nc5 18. Qf3 (18. Bh4 $14) 18... Nh7 19. Nf5 Qf6 20. Qe3 Bc8 21. f3 a5 22. Bf2 Nf8 23. Bh4 (23. Qd2 {with more complications.} Ng6 24. Rab1 Bd7 25. Kh1 Reb8 26. Red1) 23... g5 {[#] White must now prevent ...Bxf5.} 24. Bf2 Bxf5 25. exf5 Nfd7 26. Qd2 Kh8 27. Re2 Qg7 28. Rae1 f6 29. h4 Kg8 30. Re3 Kf8 (30... h5 $11) 31. Qd1 (31. h5 $1 $14) 31... Kf7 (31... h5 $15) 32. hxg5 (32. h5 $1 $14) 32... hxg5 $15 33. Bg3 Qh7 34. Kf2 Rh8 35. Ke2 Rag8 36. Kd2 Qh6 37. Rf1 Qf8 38. Qb1 Rh7 39. Qb5 (39. Ree1 $15) 39... Qc8 (39... g4 $17 {And now ...gxf3 would win.} 40. f4 exf4 41. Bxf4 {[#]} g3 $1 {[%mdl 512]}) 40. Ree1 Rgh8 41. Kc1 Kf8 42. Kb2 Qa6 43. Ka1 {Accuracy: White = 74%, Black = 80%.} 1/2-1/2

[Event "6th Vardaris Open 2020"]
[Site "Thessaloniki"]
[Date "2020.02.28"]
[Round "2.4"]
[White "Nesteretz, Anatoliy"]
[Black "Makris, Spyridon-Dionysios"]
[Result "1-0"]
[WhiteElo "2385"]
[BlackElo "1959"]
[Annotator "TA"]
[PlyCount "35"]
[EventDate "2020.02.27"]
[EventType "swiss"]
[EventCountry "GRE"]
[SourceTitle "playchess.com"]
[Source "ChessBase"]
[SourceQuality "1"]

{[%evp 9,35,-79,21,-23,33,-77,38,35,80,73,87,97,108,106,89,93,248,138,141,127,233,100,232,204,331,334,725,730]} 1. e4 e5 2. f4 exf4 3. Bc4 c6 4. Nc3 Nf6 5. Qf3 {[#]} Bb4 (5... d5 $1 $17 {[%cal Rd5c4]} 6. exd5 Bb4) 6. Nge2 {[#] Threatens to win with e5. C33: King's Gambit Accepted: 3 Nc3 and 3 Bc4.} d6 $146 ({Better is} 6... d5 $11 7. exd5 O-O) ({Predecessor:} 6... Na6 7. e5 Ng8 8. O-O Nh6 9. d4 d5 10. exd6 Bxd6 11. Bxa6 bxa6 12. Qxc6+ Qd7 13. Qxa8 {1-0 (22) Sallai,J (2068)-Revesz,I (2005) Hungary 2007}) 7. O-O {[#]} (7. Qxf4 $14 {keeps the upper hand.} O-O 8. Bb3) 7... O-O (7... g5 $1 $17) 8. d4 $14 {White is slightly better.} Re8 9. Bxf4 d5 10. exd5 Bg4 11. Qg3 {And now Bc7 would win.} Bxe2 12. Nxe2 {Black must now prevent Bc7.} Ne4 $2 (12... cxd5 $16 {might work better.} 13. Bd3 Nbd7) 13. Qf3 (13. Qb3 $18 b5 14. Bd3 (14. Qxb4 a5 $18)) 13... cxd5 $16 14. Bxb8 dxc4 (14... Ng5 $16 15. Qxd5 Qxd5 16. Bxd5 Raxb8) 15. Qxf7+ $40 {[%mdl 192] Double Attack. White goes for the king.} Kh8 {[#]} 16. Be5 $1 {[%csl Gf7][%cal Re5g7]} Nf6 (16... Qg5 {was worth a try.} 17. Rf4 (17. Qxc4 Qe3+ 18. Kh1 Bd6 $14) 17... Rxe5) 17. Ng3 ({Don't take} 17. Bxf6 gxf6 18. Qxc4 Rc8 $18) ({But not} 17. Qxb7 $6 Qb6 $18) (17. Qxc4 Be7 $18) (17. Rxf6 Rf8 $18) 17... Qd7 $2 (17... Re7 18. Qxc4 Bd6 19. Bxf6 gxf6) 18. Rxf6 {Accuracy: White = 67%, Black = 37%.} 1-0

[Event "6th Vardaris Open 2020"]
[Site "Thessaloniki"]
[Date "2020.02.28"]
[Round "2.5"]
[White "Georgakopoulos, Nikolaos"]
[Black "Sebastian, Andreas"]
[Result "1-0"]
[WhiteElo "2367"]
[BlackElo "1940"]
[Annotator "TA"]
[PlyCount "139"]
[EventDate "2020.02.27"]
[EventType "swiss"]
[EventCountry "GRE"]
[SourceTitle "playchess.com"]
[Source "ChessBase"]
[SourceQuality "1"]

{[%evp 17,139,0,4,0,0,0,0,0,-12,-58,-46,-49,-45,-66,-76,-79,-108,-95,-68,-144,-52,-52,-38,-52,-54,-44,-47,-54,0,0,117,119,116,122,117,105,122,118,129,125,112,125,125,127,118,92,108,108,107,101,110,101,104,0,82,0,90,98,96,96,90,77,89,89,87,77,87,66,90,89,96,74,117,110,122,110,106,77,77,77,77,77,77,77,137,110,110,110,110,55,63,46,47,54,52,51,92,66,66,0,234,69,69,0,0,0,0,0,65,65,105,65,105,65,105,105,29979,29980,29980,29979,29978,29974,29974,29970]} 1. d4 d5 2. c4 c6 3. Nc3 Nf6 4. Nf3 dxc4 5. e4 b5 6. Be2 e6 7. O-O Bb4 8. Qc2 h6 9. a4 O-O 10. axb5 {aiming for e5. D31: Queen's Gambit Declined: Semi-Slav without ...Nf6 (+ Marshall Gambit and Noteboom) and Exchange Variation lines without ...Nf6.} Bxc3 $1 11. bxc3 cxb5 12. Nd2 {The position is equal.} Nc6 13. e5 Nd5 14. Ne4 a5 15. Rd1 {[#]} Ba6 $146 ({Predecessor:} 15... Rb8 16. Rb1 Qe7 17. f4 Rd8 18. Bd2 Qa7 19. Nd6 Rxd6 20. exd6 Qd7 21. Bf3 Qxd6 {0-1 (37) Flohr,S-Kan,I Moscow 1955}) 16. Nc5 b4 17. Bb2 Qc8 ({Much worse is} 17... bxc3 18. Bxc3 Bb5 19. Nb7 $15) (17... Bb5 {feels hotter.} 18. Bf3 a4 19. cxb4 Ncxb4 20. Qb1 Nd3) 18. Nxa6 {[#]} (18. cxb4 $15 Ncxb4 19. Qd2) 18... Qxa6 ({Black should play} 18... b3 $1 $17 {[%cal Rb3c2]} 19. Qd2 Qxa6) 19. cxb4 $15 Ncxb4 20. Qxc4 Qxc4 21. Bxc4 Rfc8 22. Bb3 Nc2 (22... Nc3 $15 23. Bxc3 Rxc3) 23. Rac1 $11 Rab8 (23... Ncb4 $11 {remains equal.}) 24. Bxc2 $16 Rxb2 {[#]} 25. Bh7+ $1 {[%mdl 576] Discovered Attack} Kxh7 26. Rxc8 {[%mdl 4096] Endgame KRR-KRN} a4 {intending ...a3.} 27. Ra8 Nc3 28. Ra1 Rb4 29. g3 Rxd4 30. Kg2 g5 31. Rc8 Nb5 32. Rb1 Rd5 33. Ra8 a3 34. Rb3 Rxe5 35. Rb8 (35. Ra5 $16 a2 36. Rxa2) 35... Rd5 ({Of course not} 35... a2 $6 36. Ra8 $16) (35... Re1 $11) 36. Ra8 ({Reject} 36. R3xb5 $6 a2 $11) (36. Rb6 $16) 36... Kg6 (36... Re5 $1 $11 {keeps the balance.}) 37. Ra5 a2 38. Rxa2 Nd4 39. Rd3 e5 40. Ra6+ f6 41. Rda3 h5 42. Rb6 Rd7 43. Raa6 Rf7 44. h3 g4 45. Rb8 Rg7 46. Re8 {Strongly threatening Rxe5.} Kf5 47. Rf8 Ne6 48. Rh8 gxh3+ 49. Kxh3 Ng5+ 50. Kg2 Nh7 (50... Rh7 $142 51. Rxh7 Nxh7) 51. Kf3 Ng5+ 52. Ke3 Nh7 53. Rha8 (53. Raa8 $16) 53... Rb7 $14 54. Ra3 {And now f4 would win.} Ng5 55. Rh8 Kg4 56. Rf8 f5 57. Ra4+ e4 58. Ra5 (58. Ra3 $14) 58... Rb2 $2 (58... Rb3+ $11 {and Black has nothing to worry.} 59. Kd4 Nf3+ 60. Kc5 Rb2) 59. Raxf5 $2 (59. Rfxf5 $18 Rb3+ 60. Ke2) 59... Rb3+ 60. Ke2 (60. Kd4 $14 e3 61. Kc4) 60... Ne6 $11 {Threatens to win with ...Nd4+.} 61. Rf4+ Nxf4+ 62. Rxf4+ {[%mdl 64] Double Attack. KR-KR} Kg5 ({Better is} 62... Kh3 $1 $11) 63. Rxe4 $14 Kf5 64. Ra4 Kg5 65. Kf1 Rf3 66. Ra5+ Kg4 $2 {[%mdl 8192] [#] This costs Black the game.} (66... Kg6 $16) 67. Kg2 $1 {White mates.} Rf5 68. Rxf5 Kxf5 69. Kh3 Kg5 70. f3 {Accuracy: White = 69%, Black = 65%.} 1-0